HLADINY KATECHOLAMÍNOV A VOĽNÝCH MASTNÝCH KYSELÍN V HYPOTALAME A KRVNEJ PLAZME JARIEK A BAHNÍC PO OŽAROVANÍ A HORMONÁLNYCH STIMULÁCIÁCH

Bibliographic Details
Main Authors: Pástorová, Bernadetta (Author), Staníková, Angela (Author), Molnárová, Marie (Author)
Format: Article
Language:Slovak

MARC

LEADER 00000naa a2200000uu 4500
001 vtls011084767
003 SK-MaSNL
005 20260302105033.0
008 210905|1996 xo |||||||||||||||||slo|
015 |a SNBRA 
035 |a (urnnbn)urn:nbn:sk:snk:ar-a0clhh 
035 |a (uuid)7873452f-c9e7-4a05-8470-22e71ebbb7e6 
035 |a urn:nbn:sk:snk-aavrdo 
040 |a SNKBUCL  |b slo  |c SNKBUCL  |e AACR2 
041 0 |a slo 
044 |a xo  |c SK 
100 1 |a Pástorová, Bernadetta  |4 aut  |9 783068 
245 1 0 |a HLADINY KATECHOLAMÍNOV A VOĽNÝCH MASTNÝCH KYSELÍN V HYPOTALAME A KRVNEJ PLAZME JARIEK A BAHNÍC PO OŽAROVANÍ A HORMONÁLNYCH STIMULÁCIÁCH  |c Bernadetta Pástorová, Angela Staníková, Marie Molnárová 
700 1 |a Staníková, Angela  |4 aut  |9 24705 
700 1 |a Molnárová, Marie  |4 aut  |9 278601 
773 0 |t Zdravie a chorobnosť mláďat hospodárskych zvierat  |d Košice : [Ústav experimentálnej veterinárnej medicíny], 1996  |g S. 163 
958 |a OND 
958 |a article12 
958 |a chapter 
999 |c 1237195  |d 1239125